| 000 | 00658nam a2200217 i 4500 | ||
|---|---|---|---|
| 001 | 51187 | ||
| 003 | ES-MaACL | ||
| 005 | 20230906162321.0 | ||
| 007 | t| | ||
| 008 | 030811s1968 sp ||||1| spa d | ||
| 100 | 1 |
_aChesneaux, Jean. _938388 |
|
| 245 | 1 | 0 |
_aVietnam _b: un pueblo en lucha (pasado, presente, futuro) / _cJean Chesneaux ; [traducción por Roser Berdaguer]. |
| 250 | _a[1ª ed.]. | ||
| 260 |
_aBarcelona : _bFontenella, _c1968. |
||
| 300 |
_a207 p. ; _c20 cm. |
||
| 490 | 1 |
_aInformes ; _v18 |
|
| 700 | 1 |
_aBerdaguer, Roser. _927860 |
|
| 830 | 0 |
_aInformes ; _v18 _9182704 |
|
| 852 |
_aES-MaACL _jC-56780 _bR.68127 |
||
| 999 |
_c51187 _d51187 |
||